00405nam a22001457a 4500008004100000020001800041040005500059080001400114100002100128245002200149260004600171300001400217650001000231653001800241230425b |||||||| |||| 00| 0 eng d a0-19-851001-2 aNational Science LibrarycNational Science Library a523.7bL81 aBrown, R Hanbury aMan and the stars aOxford: bOxford University Press, c1978 aix, 185p. aStars aStars and man